000 00671nam a22002297a 4500
003 UA-OsUOA
001 98420
007 ta
008 20130415b un ||||| |||| 00| 0 ukr d
100 _aПрозоров В.
090 _a821.161.1
_bП79
942 _cBK
040 _aUA-OsUOA
_brus
_cUA-OsUOA
_dUA-OsUOA
245 _aВласть и свобода журналистики
_bпособие для учителя
300 _a133 с.
955 _a2
041 _arus
080 _a821.161.1
260 _aЛенинград
_bПросвещение
_c1979
650 7 _a82 Література. Літературознавство
_2UDC
999 _c385085
_d385085